000 00511nam a22001577a 4500
003 OSt
005 20250726024247.0
008 250726b |||||||| |||| 00| 0 eng d
020 _a978-621-8029-15-6
040 _aDWC-Main Lib
_cOC
082 _aFil. 657.835 M645g 2024
245 _aGovernment accounting & accounting for non-profit organization/
260 _aBaguio City, Philippines :
_bBandolin Enterprise,
_cc2024.
300 _axvi, 483 pages :
_billustrations ;
_c22cm.
942 _2ddc
_cBK - FIL
_kFil.
_n0
999 _c3838
_d3838